000 00365nam a2200145Ia 4500
005 20251222144831.0
008 251222s9999||||xx |||||||||||||| ||spa||
020 _a987-538-009-1
082 _a372.76/A97
100 _aAzinián, Herminia
245 0 _aResolución de Problemas Matemáticos:
250 _a2a.ed.
264 _bNovedades Educativas
942 _cLIB
999 _c20858
_d20858